Libray, information science and society : (Record no. 122804)

MARC details
000 -LEADER
fixed length control field 00839nam a22002537a 4500
003 - CONTROL NUMBER IDENTIFIER
control field dpl
005 - DATE AND TIME OF LATEST TRANSACTION
control field 20180821151546.0
008 - FIXED-LENGTH DATA ELEMENTS--GENERAL INFORMATION
fixed length control field 180821b xxu||||| |||| 00| 0 eng d
010 ## - LIBRARY OF CONGRESS CONTROL NUMBER
LC control number B-058675
020 ## - INTERNATIONAL STANDARD BOOK NUMBER
International Standard Book Number 8170003067
Terms of availability 850.00
035 ## - SYSTEM CONTROL NUMBER
System control number B-058675, B-058679
037 ## - SOURCE OF ACQUISITION
Source of stock number/acquisition Cen Lib/Ret
040 ## - CATALOGING SOURCE
Original cataloging agency DPL
Language of cataloging EN
Transcribing agency 0
082 ## - DEWEY DECIMAL CLASSIFICATION NUMBER
Classification number 020
Item number LIB
245 ## - TITLE STATEMENT
Title Libray, information science and society :
Remainder of title essays in the memory of late Dr. A. Tejomurty /
Statement of responsibility, etc edited by Surendra Singh [and] Sonal Singh
260 ## - PUBLICATION, DISTRIBUTION, ETC. (IMPRINT)
Place of publication, distribution, etc New Delhi
Name of publisher, distributor, etc Ess Ess Publications
Date of publication, distribution, etc 2002
270 ## - ADDRESS
Address 4837/24, Ansari Road, Daroya Ganj
City New Delhi
300 ## - PHYSICAL DESCRIPTION
Extent 381p.
Dimensions 23cm(Hb)
650 ## - SUBJECT ADDED ENTRY--TOPICAL TERM
Topical term or geographic name as entry element Library Science
9 (RLIN) 107680
650 ## - SUBJECT ADDED ENTRY--TOPICAL TERM
Topical term or geographic name as entry element Information Science
9 (RLIN) 107681
700 ## - ADDED ENTRY--PERSONAL NAME
Personal name Surendra Singh
9 (RLIN) 35020
700 ## - ADDED ENTRY--PERSONAL NAME
Personal name Singh,Sonal
9 (RLIN) 2391
942 ## - ADDED ENTRY ELEMENTS (KOHA)
Source of classification or shelving scheme Dewey Decimal Classification
Koha item type English Books
Classification part 020
Call number suffix LIB
Holdings
Withdrawn status Lost status Damaged status Not for loan Collection code Home library Current library Date acquired Source of acquisition Cost, normal purchase price Total Checkouts Full call number Barcode Date last seen Copy number Cost, replacement price Price effective from Koha item type Source of classification or shelving scheme
      Not For Loan Reference Central Library Central Library 30/05/2015 Cen Lib/Ret 850.00   020 LIB B-058675 30/05/2015 1 850.00 15/09/2016 English Books  
          Central Library Central Library 24/07/2015 Cen Lib/Ret 850.00   020 LIB B-058674 24/07/2015 2 850.00 24/07/2015 English Books  
        Non-fiction Shahdara Branch Shahdara Branch 21/08/2018 BPPD/PUB 850.00   020 LIB B-058679 21/08/2018   850.00 21/08/2018 English Books Dewey Decimal Classification

© Delhi Public Library
Hit Counter
free hit counter